[Event "CFriend AM-2004-0-00016 email"]
[Site "Chessfriend.com"]
[Date "2005.04.11"]
[Round "1"]
[White "Balabaev, Farit"]
[Black "Traunecker, Thomas"]
[Result "1-0"]
[WhiteElo "2437"]
[BlackElo "2319"]
[PlyCount "87"]
[EventDate "2005.??.??"]
[EventType "tourn (corr)"]
[EventRounds "6"]
[SourceTitle "Corr 2024"]
[Source "ChessBase"]
[SourceDate "2023.10.19"]
[SourceVersion "1"]
[SourceVersionDate "2023.10.19"]
[SourceQuality "1"]

1. e4 c5 2. Nf3 Nf6 3. e5 Nd5 4. Nc3 Nxc3 5. dxc3 Nc6 6. Bf4 e6 7. Qe2 Qc7 8. 0-0-0 b6 9. Kb1 Bb7 10. Nd2 Be7 11. Nc4 Na5 12. Nd6+ Bxd6 13. Rxd6 0-0-0 14. Qg4 Rhg8 15. Bg3 h6 16. Qh5 Rdf8 17. Rg1 Bc6 18. Ba6+ Kb8 19. Be2 a6 20. Rgd1 Ka7 21. R6d2 b5 22. f4 Kb8 23. f5 Ka8 24. f6 g6 25. Qxh6 Rd8 26. Bf1 Rh8 27. Qf4 Bd5 28. Rxd5 exd5 29. Qf3 Qc6 30. Qxd5 Rhf8 31. Be2 Ka7 32. Bg4 Qxd5 33. Rxd5 Kb6 34. b3 Nb7 35. Bxd7 Rh8 36. Kb2 Rhf8 37. c4 bxc4 38. bxc4 Rh8 39. Kc3 Rhf8 40. Bf4 Rh8 41. h3 Rhf8 42. Bh6 Rh8 43. Bg7 Rhg8 44. e6 1-0

[Event "CFriend AM-2004-0-00016 email"]
[Site "Chessfriend.com"]
[Date "2005.04.11"]
[Round "1"]
[White "Rada, Hannes"]
[Black "Traunecker, Thomas"]
[Result "1-0"]
[WhiteElo "2403"]
[BlackElo "2319"]
[PlyCount "91"]
[EventDate "2005.??.??"]
[EventType "tourn (corr)"]
[EventRounds "6"]
[SourceTitle "Corr 2024"]
[Source "ChessBase"]
[SourceDate "2023.10.19"]
[SourceVersion "1"]
[SourceVersionDate "2023.10.19"]
[SourceQuality "1"]

1. e4 c5 2. Nf3 Nf6 3. e5 Nd5 4. Nc3 Nxc3 5. dxc3 Nc6 6. Bf4 e6 7. Qe2 Qc7 8. 0-0-0 b6 9. Kb1 Bb7 10. Nd2 h6 11. Nc4 Na5 12. Nd6+ Bxd6 13. Rxd6 0-0-0 14. Qg4 Rhg8 15. Bg3 Kb8 16. Qh5 Rdf8 17. f3 Ka8 18. Bb5 a6 19. Bd3 Bc6 20. Be2 b5 21. Rhd1 Qb6 22. Bf2 Nb7 23. R6d2 Bd5 24. f4 f6 25. Rxd5 exd5 26. Bf3 fxe5 27. Bxd5 Rxf4 28. Bg3 Rff8 29. Bxe5 g5 30. b4 cxb4 31. cxb4 Re8 32. Bd6 Ka7 33. Bxg8 Rxg8 34. Qxh6 Rc8 35. Qg7 Qc6 36. Qd4+ Ka8 37. Rd2 Nxd6 38. Qxd6 Re8 39. Qxd7 Qxd7 40. Rxd7 Re2 41. g3 Rxh2 42. Rg7 Re2 43. Rxg5 Re4 44. a3 Kb7 45. Kb2 Kb6 46. g4 1-0